书目信息 |
| 题名: |
遏制中国
|
|
| 作者: | 孙恪勤 , 崔洪建 主编 | |
| 分册: | 上册 | |
| 出版信息: | 北京 中国言实出版社 1996 |
|
| 页数: | 452页 | |
| 开本: | 20cm | |
| 丛书名: | 天下风云书系 | |
| 单 册: | ||
| 中图分类: | D822.3 | |
| 科图分类: | ||
| 主题词: | 中外关系 | |
| 电子资源: | ||
| ISBN: | 7-80128-024-5 | |
| 000 | 00752nam2 2200253 45 | |
| 001 | 0197007742 | |
| 005 | 20050630145629.9 | |
| 010 | @a7-80128-024-5@dCNY39.80 | |
| 100 | @a19970310d1996 kemy0chiy0121 ea | |
| 101 | 0 | @achi |
| 102 | @aCN@b110000 | |
| 105 | @ay z 000yy | |
| 200 | 10 | @a遏制中国@Ae zhi zhong guo@e神话与现实@EShen Hua Yu Xian Shi@h上册@f孙恪勤,崔洪建主编@FSun Ke Qin,Cui Hong Jian Zhu Bian |
| 210 | @a北京@c中国言实出版社@d1996 | |
| 215 | @a452页@d20cm | |
| 225 | 2 | @a天下风云书系 |
| 410 | 0 | @120010@a天下风云书系 |
| 517 | @a神话与现实@AShen Hua Yu Xian Shi | |
| 606 | @a中外关系 | |
| 690 | @aD822.3@v3 | |
| 701 | 0 | @a孙恪勤@4主编 |
| 701 | 0 | @a崔洪建@4主编 |
| 801 | 0 | @aCN@bNLC@c19970508 |
| 905 | @dD822.3@e53:1@f1@b272360 | |
| 遏制中国:神话与现实.上册/孙恪勤,崔洪建主编.-北京:中国言实出版社,1996 |
| 452页;20cm.-(天下风云书系) |
| ISBN 7-80128-024-5:CNY39.80 |
| ● |
| 相关链接 |
|
|
|
|
正题名:遏制中国
索取号:D822.3/53:1
 
预约/预借
| 序号 | 登录号 | 条形码 | 馆藏地/架位号 | 状态 | 备注 |
| 1 | 0272360 | 002054172 | 第一样本阅览室/ [索取号:D822.3/53:1] | 在馆 | |
| 2 | 0272361 | 202456822 | 密集书库/ [索取号:D822.3/53:1] | 在馆 | |
| 3 | 0273362 | 001024279 | 第一借阅区/ [索取号:D822.3/53:1] | 在馆 |